BIBLIOTHÈQUE DE LA MAISON DU MEXIQUE

Logo 1 Logo 2

Agustín V. Casasola (Registro nro. 8163)

Detalles MARC
000 -Sello discográfico
campo de control de longitud fija 01107nam a2200325 4500
005 - Identificación de versión
campo de control 20251016084851.0
010 ## - Número Estándar Internacional de Libros (ISBN)
Número (ISBN) 2-86754-080-1
099 ## - fechas locales
Tipo de ítem Koha LIBRO
100 ## - Datos de procesamiento general
Datos de procesamiento general 20250325d1992 m y1spay5003 ba
101 ## - Idioma del recurso
Idioma del texto, banda sonora, etc. Francés
105 ## - Campo de datos codificados: Material textual, monográfico
Datos codificados de monografía a 001zy
200 1# - Título y mención de responsabilidad
Título propio Agustín V. Casasola
Designación general del material texto impreso
Primer mención de responsabilidad Agustín Víctor Casasola
Declaración de responsabilidad subsiguiente introduction Alfredo Cruz Ramírez
210 ## - Publicación, distribución, etc.
Lugar de publicación, distribución, etc. Paris
Nombre del editor, distribuidor, etc. Centre National de la Photographie
Fecha de publicación, distribución, etc. 1992
215 ## - Descripción física
Designación de material específico y extensión del ítem [8] p., 61 h
Otras características físicas fot.
Dimensiones 19 cm
345 ## - Nota de información de adquisición
Fuente de adquisición/dirección de la suscripción [OBSOLETO] Donación
410 #1 - Series
Título Collection Photo Poche
Número de volumen 52
606 ## - Término temático usado como materia
Elemento de entrada Fotografía documental
Subdivisión geográfica México
Número Koha 13997
607 ## - Nombre geográfico utilizado como tema
Elemento de entrada México
Subdivisión temática Historia
Subdivisión cronológica 1867-1910
Subdivisión temática Trabajos pictóricos
Número Koha 13998
607 ## - Nombre geográfico utilizado como tema
Elemento de entrada México
Subdivisión temática Historia
Subdivisión cronológica 1910-1946
Subdivisión temática Trabajos pictóricos
Número Koha 2959
660 ## - Código de área geográfica
Código MX
700 ## - Nombre personal - Responsabilidad primaria
Elemento de entrada Casasola
Parte del nombre distinta del elemento de entrada Agustín Víctor
Fechas 1874-1938
Número Koha 8407
702 ## - Nombre personal - Responsabilidad secundaria
Elemento de entrada Cruz Ramírez
Parte del nombre distinta del elemento de entrada Alfredo
Fechas 1956-
Número Koha 13999
801 ## - Fuente de origen
País FR
Agencia cm
Reglas de catalogación (convenciones descriptivas) AFNOR
900 ## -
-- 1/23722
900 ## -
-- 7100417642\080104
942 ## - ELEMENTOS DE ENTRADA SECUNDARIOS (KOHA)
Tipo de ítem Koha Libro
996 ## -
-- MEX
-- 751145101
-- MMAG
-- 012798
-- 972.09 C335A
-- 20250325LIV
Existencias
Estatus retirado Estado de daño Estado de pérdida Fecha de adquisición Biblioteca de origen Biblioteca actual Ubicación en estantería Código de barras Precio de reemplazo Signatura topográfica completa No para préstamo Tipo de ítem Koha Nota pública Nota no pública
      05/08/2025 Casa México Paris Casa México Paris   012798 05/08/2025 972.09 C335A   Libro 20250325LIV 751145101